| 000 | 00676nab a2200241 a 4500 | ||
|---|---|---|---|
| 001 | 53677 | ||
| 003 | 124251 | ||
| 005 | 20201118102933.0 | ||
| 008 | ||||||n9999 ||| || || | ||
| 041 | _aspa | ||
| 100 | _aRodriguez Mejia, Carlos | ||
| 245 | 0 |
_aDefender los derechos humanos, para que : _bpp.36-42 |
|
| 260 |
_aBogotá : _bInvestigaciones Alternativa S.A., _c1998. |
||
| 562 | _e0 | ||
| 650 | _aANALISIS DE COYUNTURA | ||
| 650 | _aCONTEXTO INTERNACIONAL | ||
| 650 | _aIMPUNIDAD | ||
| 650 | _aPROTECCIÓN DE LOS DERECHOS | ||
| 650 | _aVIOLACIÓN DE LOS DERECHOS HUMANOS | ||
| 650 | _aVIOLENCIA | ||
| 773 |
_052463 _aAlternativa - No.19 |
||
| 942 | _cSART | ||
| 999 |
_c53677 _d53677 |
||